Sharjah Art Foundation Library

الرافد 2: مارس 2014 (Record no. 6645)

MARC details
000 -LEADER
fixed length control field 00748nam a2200193Ia 4500
001 - CONTROL NUMBER
control field 6645
008 - FIXED-LENGTH DATA ELEMENTS--GENERAL INFORMATION
fixed length control field 260622s9999 xx 000 0 und d
245 #0 - TITLE STATEMENT
Title الرافد 2: مارس 2014
260 ## - PUBLICATION, DISTRIBUTION, ETC.
Place of publication, distribution, etc. الشارقة؛
Name of publisher, distributor, etc. دائرة الثقافة والإعلام؛
Date of publication, distribution, etc. 2014
300 ## - PHYSICAL DESCRIPTION
Extent 48p;
Dimensions 27x17cm
520 ## - SUMMARY, ETC.
Summary, etc. مجلة شهرية ثقافية، تسَلّط الضوءَ على أبرز الفعاليات الثقافية في إمارة الشارقة، إظهاراً للدّور الحضاري للإمارة.
546 ## - LANGUAGE NOTE
Language note Arabic
648 ## - SUBJECT ADDED ENTRY--CHRONOLOGICAL TERM
Chronological term 21st century
650 ## - SUBJECT ADDED ENTRY--TOPICAL TERM
Topical term or geographic name entry element Information- Media technology
9 (RLIN) 9501
650 ## - SUBJECT ADDED ENTRY--TOPICAL TERM
Topical term or geographic name entry element PJ7501-8517 Arabic Literature
651 ## - SUBJECT ADDED ENTRY--GEOGRAPHIC NAME
Geographic name Arab World
655 ## - INDEX TERM--GENRE/FORM
Genre/form data or focus term Articles مقالات
9 (RLIN) 9420
942 ## - ADDED ENTRY ELEMENTS (KOHA)
Koha item type Book
Holdings
Withdrawn status Lost status Damaged status Not for loan Collection Home library Current library Date acquired Total Checkouts Full call number Barcode Date last seen Price effective from Koha item type
        Language and Literature SAF Reference Library SAF Reference Library 07/18/2012   PJ7501-8517 210.055 6645 06/22/2026 06/22/2026 Book

Copyright © 2022. Sharjah Art Foundation. All Rights Reserved.